Kreuzworträtsel: Länder der Erde 2 - Statistiken

Allgemein
  • Dieses Quiz wurde 7.485 mal gespielt
  • Das Durchschnittsergebnis liegt bei 11 aus 20
Antwortstatistiken
Antwort % Korrekt
Italien
93%
Emirate
90%
Ukraine
85%
Nigeria
80%
China
79%
Litauen
75%
Vatikanstadt
73%
Niederlande
63%
Grenada
55%
Senegal
46%
Afghanistan
44%
Costa Rica
42%
Tonga
42%
Samoa
41%
Oman
39%
Myanmar
36%
Marshallinseln
35%
Nicaragua
35%
St. Lucia
35%
Guatemala
31%
Keine übereinstimmenden Quizze gefunden
Verteilung der Resultate
Anzahl Personen mit jedem Resultat
Perzentil nach korrekt beantworteten Fragen
Ihre Resultats-Entwicklung
Sie haben dieses Quiz noch nicht gespielt